| 000 | 01584nam a2200469 i 4500 | ||
|---|---|---|---|
| 001 | 15757 | ||
| 003 | KOSZ 005 | ||
| 005 | 20191021124722.0 | ||
| 008 | 060914s1974 pl a f |000 0 pol | ||
| 015 | _aPB 1974/7457 | ||
| 035 | _a991031620969705066 | ||
| 035 | _a(PL-WaBN)b1851103x-48omnis_nlop | ||
| 035 | _ab1851103x | ||
| 035 | _a(OCoLC)823589582 | ||
| 035 | _a(PL)b0000001851103 | ||
| 035 | _a(EXLNZ-48OMNIS_NETWORK)9910021604005606 | ||
| 040 |
_aWA N _cWA N _dKOSZ 005/EG |
||
| 041 | 0 | _apol | |
| 046 | _k1974 | ||
| 080 | _a62-82 | ||
| 080 | _a(075.8) | ||
| 100 | 1 |
_aDziewulski, Wacław _d(1924- ) _eAutor |
|
| 245 | 1 | 0 |
_aLaboratorium napędów hydraulicznych / _cWacław Dziewulski, Eugeniusz Głuchowski. |
| 260 |
_aGdańsk : _bPolitechnika Gdańska, _c1974. |
||
| 300 |
_a476 s. : _bil., wykr. ; _c25 cm. |
||
| 336 |
_2rdacontent _aTekst _btxt |
||
| 337 |
_2rdamedia _aBez urządzenia pośredniczącego _bn |
||
| 338 |
_2rdacarrier _aWolumin _bnc |
||
| 380 | _aKsiążki | ||
| 380 | _aPublikacje dydaktyczne | ||
| 385 |
_mPoziom nauczania _aSzkoły wyższe |
||
| 388 | _a1901-2000 | ||
| 388 | _a1945-1989 | ||
| 650 | 7 |
_aNapęd hydrauliczny _2DBN |
|
| 655 | 7 |
_aPodręczniki akademickie _2DBN |
|
| 658 | _aInżynieria i technika | ||
| 700 | 1 |
_aGłuchowski, Eugeniusz _eAutor |
|
| 710 | 2 | _aWydawnictwo Uczelniane Politechniki Gdańskiej | |
| 856 |
_uhttp://koha.tu.koszalin.pl/cgi-bin/koha/opac-detail.pl?biblionumber=15757 _yKatalog online BPK |
||
| 942 |
_2UKD _cKS |
||
| 999 |
_c15757 _d15757 |
||